| 000 | 01873cam a22002894a 4500 | ||
|---|---|---|---|
| 999 |
_c127841 _d127841 |
||
| 001 | 13050096 | ||
| 003 | ARRUPE | ||
| 005 | 20180328121156.0 | ||
| 008 | 030107s2003 ua a b 001 0 eng | ||
| 010 | _a 2003000073 | ||
| 020 | _a0815730314 (pbk. : alk. paper) | ||
| 040 |
_aDLC _cDLC _dDLC |
||
| 042 | _apcc | ||
| 043 | _ama----- | ||
| 050 | 0 | 0 |
_aHC498 _b.A7192 2003 |
| 082 | 0 | 0 |
_a337.1/174927 _221 |
| 245 | 0 | 0 |
_aArab economic integration : _bbetween hope and reality / _cEdited by Ahmed Galal and Bernard Hoekman |
| 260 |
_aCairo : _bEgyptian Center for Economic Studies ; _aWashington, D.C. : _bBrookings Institution Press, _cc2003. |
||
| 300 |
_aviii, 170 p. : _bill. ; _c23 cm. |
||
| 504 | _aIncludes bibliographical references and index. | ||
| 505 | 0 | _aBetween hope and reality : an overview of Arab economic integration / Ahmed Galal and Bernard Hoekman -- The economics and politics of Arab economic integration / Samiha Fawzy -- Egypt's export puzzle / Ahmed Galal and Samiha Fawzy -- A survey of barriers to trade and investment in Arab countries / Jamel Zarrouk -- Alternative paths to prosperity : economic integration among Arab countries / Denise Eby Konan -- Initial conditions and incentives for Arab economic integration : can the European Community's success be emulated? / Bernard Hoekman and Patrick Messerlin -- What can Arab countries learn from Europe? an institutional analysis / L. Alan Winters. | |
| 650 | 0 |
_aArab cooperation. _941205 |
|
| 651 | 0 |
_aArab countries _xEconomic integration. _941206 |
|
| 700 | 1 |
_aGalal, Ahmed, _d1948- _941207 |
|
| 700 | 1 |
_aHoekman, Bernard M., _d1959- _941208 |
|
| 906 |
_a7 _bcbc _corignew _d1 _eecip _f20 _gy-gencatlg |
||
| 942 |
_2lcc _cMONOGRAPH |
||